000 00624nam a22002177a 4500
999 _c21180
_d21180
003 AR-CdUCM
008 190327b ||||| |||| 00| 0 spa d
020 _a9786120026786
040 _aMUNICIPALIDAD PROVINCIAL DEL CUSCO
_cBIBLIOTECA MUNICIPAL DEL CUSCO
082 _a869.56 /
_bAN59M
100 _aAndrade Ochoa, Crisóstomo
_925287
245 _aMagdalena /
260 _aCusco :
_bDanny's Graff,
_c2017.
300 _a116 páginas ;
_c21 cm.
505 _aContenido: Novela.
650 _aLiteratura Peruana
_9132
650 _aNovela
_944264
650 _aSiglo XXI
_92856
942 _2ddc
_cLIBROS
945 _aRoel